000 00375nam a2200157Ia 4500
003 Ost
005 20260225132553.0
008 260225s9999||||xx |||||||||||||| ||und||
040 _cfsic
041 _afre
082 _a440
100 _aMohamed Touili
_eAuteur
245 0 _aLe retentissement de la révolution Algérienne /
245 0 _cMohamed Touili
942 _cكتاب
999 _c34248
_d34248